01601nam a2200301 a 4500001001300000003000900013005001700022008004100039020001800080040002800098043001200126082002700138100004200165245016300207260014000370300004700510504006100557650003800618650004400656650002800700651004200728700004100770942001200811999001700823952016200840952014901002952014801151C01577917c-7CO-ViMGA20230915233559.0180312s2016 ck o gr 000 0 spa d a9789585900875 aCO-ViMGAbspacCO-ViMGA as-ck---04aFr 780.986 bE76a 2191 aEspinel Riveros, Nancy Leonor.91218910aAproximación al joropo : botra de las manifestaciones de la identidad cultural de los villavicenses / cNancy Espinel Riveros, Nicolás Espinel Sánchez. aVillavicencio : bCorporación Cultural Municipal de Villavicencio :bCoorporación Cultural Entreletras : bPatrimonium Sum, c2016. a139 páginas : bfotografías ; c20 cm. aIncluye referencias bibliográficas (páginas 121-124)14aJoropo (Danza)z Colombia.91219014aMúsica folclórica colombiana.9461014aMúsica llanera911079 4aColombiax Identidad cultural.9121911 aEspinel Sánchez, Nicolás.912192 2ddccBK c10651d10651 00102ddc40708003aMEVIECARbMEVIECARd2015-12-04hVolumen. 1 | 11/jun/2009l1o813.2 M358p p5425r2019-05-17 00:00:00s2019-02-25tEj. 1w2015-12-04yBK 001040708FPatrimaMEVIGERRbMEVIGERRcLOCALd2022-01-12o781.6268861 E76apECA28114r2024-11-26 08:55:56tEj.2w2024-11-26yBKz20145 | 27079 001040708DLegalaMEVIGERRbMEVIGERRcLOCALd2019-01-21o781.6268861 E76apECA27201r2024-11-26 08:55:56tEj.1w2024-11-26yBKz20145 | 25971